|
|
|
|
| LEADER |
01110nam a2200277 u 4500 |
| 001 |
10027036 |
| 003 |
upatras |
| 005 |
20210117205957.0 |
| 008 |
960125s1982 ge eng |
| 020 |
|
|
|a 3540115722
|q (Χαρτόδ. μαλακό)
|
| 040 |
|
|
|a GR-PaULI
|c GR-PaULI
|
| 041 |
0 |
|
|a eng
|
| 245 |
1 |
0 |
|a Interacting bosons in nuclei
|b Proceedings of the Fourth Topical School, held in Granada, Spain, September 28 - October 3, 1981
|c Edited by J. S. Dehesa, J. M. G. Gomez, and J. Ros
|
| 260 |
|
|
|a Berlin
|b Springer Verlag
|c 1982
|
| 300 |
|
|
|a 209 p.
|b fig.
|c 24 cm
|
| 490 |
0 |
|
|a Lecture notes in physics
|v 161
|
| 505 |
1 |
|
|a Includes references
|
| 650 |
|
4 |
|a Πυρηνική φυσική
|9 78
|
| 700 |
1 |
|
|a Dehesa, J. S.
|9 152825
|
| 700 |
1 |
|
|a Gomez, J. M. G.
|9 152826
|
| 700 |
1 |
|
|a Ros, J.
|9 152827
|
| 760 |
1 |
|
|a Lecture notes in physics
|g 161
|
| 852 |
|
|
|a GR-PaULI
|b ΠΑΤΡΑ
|b ΦΥΣΙΚΟ
|k ΑΕΧ-1
|h 51.72 DEH
|m 02330
|t 1
|
| 942 |
|
|
|2 ddc
|c BK15
|
| 952 |
|
|
|0 0
|1 0
|4 0
|6 51_720000000000000_DEH
|7 0
|9 197427
|a PHYS
|b PHYS
|d 2016-04-24
|i 02330
|l 0
|o 51.72 DEH
|r 2016-04-24 00:00:00
|t 1
|w 2016-04-24
|y BK15
|
| 999 |
|
|
|c 121227
|d 121227
|